Componential analysis of meaning: an introduction to semantic structures (Record no. 39709)

MARC details
000 -LEADER
fixed length control field 00383nam a2200145Ia 4500
008 - FIXED-LENGTH DATA ELEMENTS--GENERAL INFORMATION
fixed length control field 230917s9999||||xx |||||||||||||| ||und||
040 ## - CATALOGING SOURCE
-- 58978
Original cataloging agency VIVEKANANDA LIBRARY
041 ## - Language
-- English
082 ## - DDC NUMBER
Classification number 412 N56C
100 ## - MAIN ENTRY--PERSONAL NAME
Personal name Nida, Eugene A
245 #0 - TITLE STATEMENT
Title Componential analysis of meaning: an introduction to semantic structures
260 ## - PUBLICATION, DISTRIBUTION, ETC. (IMPRINT)
Place of publication, distribution, etc Hague
Name of publisher, distributor, etc Mouton
Date of publication, distribution, etc 1979
300 ## - PHYSICAL DESCRIPTION
Pages 272 p.
942 ## - ADDED ENTRY ELEMENTS (KOHA)
Koha item type Books
Holdings
Withdrawn status Lost status Damaged status Not for loan Location (home branch) Sublocation or collection (holding branch) Date acquired Koha issues (times borrowed) Koha full call number Accession No. Koha date last seen Koha item type
        VIVEKANANDA LIBRARY VIVEKANANDA LIBRARY 30/12/2002   412 N56C 105474 17/09/2023 Books
© Designed and Maintained by Vivekananda Library, MDU Rohtak